UM Logo

Glencoe literature: (Record no. 946)

MARC details
000 -LEADER
fixed length control field 00536nam a2200133 4500
008 - FIXED-LENGTH DATA ELEMENTS--GENERAL INFORMATION
fixed length control field 151201b xxu||||| |||| 00| 0 eng d
020 ## - INTERNATIONAL STANDARD BOOK NUMBER
International Standard Book Number 9780078454820
082 ## - DEWEY DECIMAL CLASSIFICATION NUMBER
Edition number c2007
Item number G558
Classification number DK12 820
245 ## - TITLE STATEMENT
Title Glencoe literature:
Remainder of title the reader's choice : British literature/
Statement of responsibility, etc. Jeffrey D. Wilhelm, Douglas Fisher, Beverly Ann Chin, and Jacqueline Jones Royster [program consultants]
260 ## - PUBLICATION, DISTRIBUTION, ETC. (IMPRINT)
Place of publication, distribution, etc. New York:
Name of publisher, distributor, etc. McGraw-Hill,
Date of publication, distribution, etc. c2007.
300 ## - PHYSICAL DESCRIPTION
Extent xxxix, 1381 pages:
Other physical details color illustrations;
Dimensions 28 cm.
650 #0 - SUBJECT ADDED ENTRY--TOPICAL TERM
9 (RLIN) 2576
Topical term or geographic name as entry element English literature
942 ## - ADDED ENTRY ELEMENTS (KOHA)
Source of classification or shelving scheme Dewey Decimal Classification
Koha item type Books
Holdings
Withdrawn status Lost status Source of classification or shelving scheme Damaged status Not for loan Collection code Home library Current library Shelving location Date acquired Source of acquisition Total Checkouts Full call number Barcode Date last seen Date last checked out Copy number Price effective from Koha item type
    Dewey Decimal Classification     K-12 UM Digos College - LIC UM Digos College - LIC Book Cart 08/12/2015 Purchased 7 DK12 820 G558 2007 23318 05/15/2025 02/28/2019 1 02/05/2016 Books